000 00743nam a2200253Ia 4500
003 OSt
005 20220918171021.0
006 a|||||r|||| 00| 0
007 ta
008 220917b |||||||| |||| 00| 0 eng d
020 _a9781137471932 (pbk)
_cEURO 9.99
024 _a324,442
037 _b53997, 25/01/2018, Segment Book Distributors
_cTextual
040 _aARTS
_cARTS
_beng
041 _2eng
_aeng
082 _aNT, Q6
100 _aJo Robinson Au.
_933173
245 0 _aTheatre and the rural
260 _aLondon
_bPalgrave UK
_c2017
300 _ax,92p.
_ccm.
650 _aTHEATER
_933174
942 _hNT, Q6
_cTEXL
_2CC
999 _c137308
_d137308